Yahya Kemal Beyatlı / (Record no. 15648)

MARC details
000 -BAŞLIK
Sabit Uzunlukta Kontrol Alanı 00907nam a22002537a 4500
999 ## - SİSTEM KONTROL NUMARALARI (KOHA)
Koha Biblionumber 15648
Koha Biblioitemnumber 15648
003 - KONTROL NUMARASI IDENTIFIER
Denetim Alanı MIRAKIL
005 - SON İŞLEM TARİHİ VE ZAMANI
Denetim Alanı 20240314123009.0
008 - SABİT-BOY VERİ ELEMANLARI - GENEL BİLGİLER
Sabit Uzunlukta Kontrol Alanı 240314b tu ||||| |||| 00| 0 tur d
020 ## - ULUSLARARASI STANDART KİTAP NUMARASI
Uluslararası Standart Kitap Numarası 9789751631190
040 ## - KATALOGLAMA KAYNAK
Orijinal Kataloglama Ajansı TR-AnCHP
Metne Dönüştürmek Ajansı TR-AnCHP
041 ## - DİL KODU
Metin / Ses Parça Veya Ayrı Başlığın Dil Kodu tur
082 ## - DEWEY ONLU SINIFLANDIRMA NUMARASI
Sınıflandırma Numarası 920
Ürün Numarası G71y 2019
100 1# - ANA GİRİŞ - KİŞİSEL İSİM
Kişisel Ad Göçgün, Önder
Bir Adıyla İlişkilendirilen Tarihler 1945-
245 10 - BAŞLIK TABLOSU
Başlık Yahya Kemal Beyatlı /
Sorumluluk Tablosu, Vb Önder Göçgün.
250 ## - EDITION TABLOSU
Baskı Beyanı İkinci baskı: Ankara 2019 Aralık
260 ## - YAYIN, DAĞITIM, VB
Yayın, Dağıtım, Vb Yeri Kavaklıdere, Ankara :
Yayıncı, Dağıtıcı, Vs Adı Türk Dil Kurumu (TDK),
Yayın, Dağıtım, Vb Tarihi 2019.
300 ## - FİZİKSEL TANIM
Kapsam 111 sayfa :
Diğer Fiziksel Ayrıntıları resim ;
Boyutlar 23 cm
490 0# - SERİSİ TABLOSU
Seri Beyanı Atatürk , Kültür Dil ve Tarih Yüksek Kurumu Türk Dil Kurumu yayınları ;
Hacim / Ardışık Tanımı 1153.
490 0# - SERİSİ TABLOSU
Seri Beyanı Türkçeye emek verenler dizisi ;
Hacim / Ardışık Tanımı 29.
504 ## - KAYNAKÇA VB NOT
Kaynakça Vb Notu Kaynakça: sayfa 109-111.<br/>
600 #0 - KONU KATMA GİRİŞ - KURUMSAL ADI
9 (RLIN) 6488
Kişisel Ad Beyatlı, Yahya Kemal
856 ## - ELEKTRONİK YER VE ERİŞİM
Kamu Notu Dijital Nüshası için Partimizin Kütüphane Sorumlusu ile iletişime geçiniz.
942 ## - EKLENDİ GİRİŞ ELEMANLARI (KOHA)
Sınıflandırma Veya Raf Düzeni Kaynak Dewey Decimal Classification
Koha Öğesi Türü Books
Holdings
Kalıcı Konum Mevcut Konum Edinme Tarihi Toplam Check-Out'Lar Tam Çağrı Numarası Barkod Tarih Son Görülme İtibaren Geçerli Fiyatlar Koha Öğesi Türü
CHP Kütüphanesi CHP Kütüphanesi 03/14/2024   920 G71y 2019 21561 03/14/2024 03/14/2024 Books